Optimizing maintenance activities fifth report bituminous patching/ (Record no. 547530)
[ view plain ]
| 000 -LEADER | |
|---|---|
| fixed length control field | 00422nam a22001337a 4500 |
| 082 ## - DEWEY DECIMAL CLASSIFICATION NUMBER | |
| Classification number | 625.76 |
| Author Mark | BIT |
| 100 ## - MAIN ENTRY--PERSONAL NAME | |
| Personal name | US Department of Transportation, |
| 9 (RLIN) | 13255 |
| 245 ## - TITLE STATEMENT | |
| Title | Optimizing maintenance activities fifth report bituminous patching/ |
| 260 ## - PUBLICATION, DISTRIBUTION, ETC. | |
| Place of publication, distribution, etc. | Washington: |
| Name of publisher, distributor, etc. | US Department of transportation, |
| Date of publication, distribution, etc. | c1978 |
| 300 ## - PHYSICAL DESCRIPTION | |
| Extent | 21 p;. |
| Dimensions | 26cm |
| 526 ## - STUDY PROGRAM INFORMATION NOTE | |
| Program name | 0 |
| Interest level | 0 |
| Reading level | 0 |
| Title point value | 625_760000000000000_BIT |
| 650 ## - SUBJECT ADDED ENTRY--TOPICAL TERM | |
| Topical term or geographic name entry element | MCE |
| 9 (RLIN) | 379 |
| 942 ## - ADDED ENTRY ELEMENTS (KOHA) | |
| Source of classification or shelving scheme | |
| Koha item type | Book |
| Withdrawn status | Lost status | Source of classification or shelving scheme | Damaged status | Not for loan | Permanent Location | Current Location | Date acquired | Total Checkouts | Full call number | Barcode | Date last seen | Price effective from | Koha item type |
|---|---|---|---|---|---|---|---|---|---|---|---|---|---|
| Military College of Engineering (MCE) | Military College of Engineering (MCE) | 07/21/2014 | 625.76 BIT | MCE-42620 | 07/21/2014 | 07/21/2014 | Book |
